000 00794nam a2200253Ia 4500
003 OSt
005 20220923223332.0
006 a|||||r|||| 00| 0
007 ta
008 220922b |||||||| |||| 00| 0 hin d
024 _a213,607
037 _cTextual
040 _aARTS
_cARTS
_bhin
041 _2hin
_ahin
082 _aO152,3M88w,1, K3;N2
100 _aचतुरसेन
_9156280
245 0 _aमरी आत्म - कहानी
246 _aMarī ātma - kahānī
260 _aदिल्ली
_b सन्मार्ग प्रकाशन
_c1992
300 _a376 पृ.
_ccm.
650 _aहिन्दी साहित्य
_9156264
942 _hO152,3M88w,1, K3;N2
_cTEXL
_2CC
999 _c363815
_d363815